|
|
|
|
| LEADER |
00000nbm0a2200000 4500 |
| 001 |
339899 |
| 005 |
20231102005203.0 |
| 035 |
|
|
|a (RuTPU)RU\TPU\book\366443
|
| 090 |
|
|
|a 339899
|
| 100 |
|
|
|a 20180202d1975 k y0rusy50 ca
|
| 101 |
0 |
|
|a rus
|
| 102 |
|
|
|a RU
|
| 105 |
|
|
|a a m 001zy
|
| 200 |
1 |
|
|a Радиометрический метод контроля сварных швов с компенсацией флуктуации толщины
|e диссертация на соискание ученой степени кандидата технических наук
|e спец. 05.02.11
|f В. Ф. Волков
|g Томский политехнический институт (ТПИ) ; науч. рук. В. И. Горбунов , А. В. Покровский
|
| 210 |
|
|
|a Томск
|c [Б. и.]
|d 1975
|
| 215 |
|
|
|a 156 л.
|c ил.
|
| 320 |
|
|
|a Библиогр.: с. 131-140 (82 назв.)
|
| 606 |
1 |
|
|a Сварные соединения и швы
|x Дефектоскопия радиационная
|2 stltpush
|3 (RuTPU)RU\TPU\subj\53997
|9 72160
|
| 610 |
1 |
|
|a радиометрический контроль
|
| 610 |
1 |
|
|a толщина
|
| 610 |
1 |
|
|a колебания
|
| 610 |
1 |
|
|a компенсация
|
| 610 |
1 |
|
|a методы
|
| 610 |
1 |
|
|a аппаратура
|
| 610 |
1 |
|
|a сварные швы
|
| 610 |
1 |
|
|a флуктуации
|
| 610 |
1 |
|
|a пневматические методы
|
| 610 |
1 |
|
|a оптические методы
|
| 610 |
1 |
|
|a радиометрические гамма-дефектоскопы
|
| 610 |
1 |
|
|a диссертации
|
| 610 |
1 |
|
|a труды учёных ТПУ
|
| 675 |
|
|
|a 621.791.05(04)
|v 4
|
| 686 |
|
|
|a 05.02.11
|2 oksvnk
|
| 700 |
|
1 |
|a Волков
|b В. Ф.
|c российский специалист в области неразрушающего контроля
|c старший научный сотрудник Томского политехнического университета, кандидат технических наук
|f 1938-
|g Владимир Федорович
|2 stltpush
|3 (RuTPU)RU\TPU\pers\30100
|
| 702 |
|
1 |
|a Горбунов
|b В. И.
|c российский ученый, физик
|c Заслуженный профессор Томского политехнического университета
|f 1929-2008
|g Владимир Иванович
|2 stltpush
|3 (RuTPU)RU\TPU\pers\19778
|4 727
|
| 702 |
|
1 |
|a Покровский
|b А. В.
|4 727
|
| 712 |
0 |
2 |
|a Томский политехнический институт (ТПИ)
|c (1944-1991)
|2 stltpush
|3 (RuTPU)RU\TPU\col\1123
|
| 801 |
|
1 |
|a RU
|b 63413507
|c 20180202
|
| 801 |
|
2 |
|a RU
|b 63413507
|c 20180202
|g RCR
|
| 942 |
|
|
|c BK
|